| 000 | 00393nam a2200145 4500 | ||
|---|---|---|---|
| 001 | 108646 | ||
| 003 | ES-MaACL | ||
| 007 | t| | ||
| 008 | 061121s1983 sp r ||||1| spa d | ||
| 100 | 1 |
_aMonroy, Juan Antonio. _982282 |
|
| 245 | 1 | 3 |
_aEl misterio de dios / _cJuan Antonio Monroy. |
| 260 |
_aBarcelona : _bCLIE, _c1983. |
||
| 300 |
_a134 p. ; _c18 cm. |
||
| 852 |
_aES-MaACL _jL-7952 _bR.106428 |
||
| 999 |
_c108646 _d108646 |
||